| 000 | 00504nam a22001817a 4500 | ||
|---|---|---|---|
| 005 | 20240805123420.0 | ||
| 008 | 240805b |||||||| |||| 00| 0 eng d | ||
| 020 | _a9780135298640 | ||
| 082 |
_a006.786 _bGYN-A |
||
| 100 | _aGynclid, Brie | ||
| 245 |
_aAdobe After Effects CC Classroom in a Book / _cLisa Fridsma |
||
| 260 |
_aUSA: _bAdobe press; _c2019. |
||
| 300 |
_axiv, 405 p. : _bill; _c24 cm. |
||
| 500 | _ainclude index. | ||
| 650 | _aGraphics Design | ||
| 700 | _aLisa Fridsma | ||
| 999 |
_c36284 _d36284 |
||